Datum a čas kvízu
32
Celkem bodů
Celkový počet nahraných bodů na tomto kvízu bez doplňovacích otázek.
1.
Pořadí na kvízu
Konečné umístění týmu na tomto kvízu.
Zaznamenané odpovědi
| # | Otázka | Odpověď | Body | Výsledky |
|---|---|---|---|---|
| 1. | Minulý týden ve čtvrtek dorazi... | FBI | 0 | |
| 2. | Letadlo ruského ministra zahra... | v Brazílii | 1 | |
| 3. | Letošní vyhlášení tuzemských k... | Muriel | 0 | |
| 4. | V sobotu nastal tzv. mikroúpln... | sněžný | 0 | |
| 5. | Jeden teprve osmnáctiletý česk... | Jakub Menšík, Katar | 1 | |
| 6. | Součástí televizního programu... | Hodina pravdy | 1 | |
| 7. | Která veřejně známá osobnost z... | Ladislav Zibura | 1 | |
| 8. | Napište název televizní soutěž... | Kufr | 1 | |
| 9. | V dnešní době je velmi populár... | čtyřikrát | 1 | |
| 10. | Kdo z uvedených nikdy nemodero... | D | 1 |